000 00664nam a2200205Ia 4500
005 20250508165954.0
008 008 250505s9999 xx 000 0 eng d
037 _aTextBook
040 _aFEDL
_beng
_cFEDL
041 _aeng
_2eng
084 _a371.1, SAL/R
_qFEDL
100 _aSaluja Chandkiran Ed.
_9782564
245 0 _aManaging behaioral problems of students: Through teaching and parenting
260 _aUttar Pradesh, India
_bPaavan Chintan Dhara Charitable Trust
_c2012
300 _axi, 251p.
365 _aINR
_b250
700 _a Sinha Pawan Ed. Asthana Kavita Ed.
_9782565
942 _cTB
_h371.1, SAL/R
999 _c1398469
_d1398469